000 00433nam a2200181 a 4500
001 32784
005 20180714000451.0
008 140415s1997 ag 000 0 spa d
020 _a9504387683
041 _aspa
082 _a861
_bDAN
100 1 _aDANDRETA, JUAN CARLOS
245 1 4 _aLOS DOMINIOS DEL ANGEL
250 _a1a ed.
260 _aARGENTINA :
_bALTEA,
_c1997
300 _a124
650 1 4 _aPOESIA
999 _c32784
_d32784